000 00642nam a2200229 u 4500
005 20240228063645.0
008 130207s2008 r 000 0 eng d
020 _a9788498670875
035 _aUPN01000189454
049 _aI
050 4 _aPZ75
_bP5.5
100 1 _aPla, Imma,
_d1964-
_933195
245 1 0 _aMamá /
_cEscrito e il. por Imapla.
260 _aBarcelona, Esp. :
_bRBA Libros,
_c2008.
300 _a[20] p. :
_bil. col.
440 0 _aSerres
650 4 _aLiteratura infantil española
_95892
650 4 _aMADRE E HIJO
_9801
650 7 _aLibros ilustrados para niños
_2
_921365
905 _aInfantil
999 _c161557
_d161557